01760cam a2200241 a 4500003000400000005001700004008004100021020001800062040002300080082002300103100001800126245009000144250001200234260006100246300003400307504006600341505089200407650002901299651005601328942001201384999001701396952010501413OSt20240530110418.0061018s2006 ua af f 001 0 eng d a9789774248955 aEG-CaGPLcEG-CaGPL04221a932.03bCC/Z M0 a Zahi Hawass.10aMountains of the pharaohs :bthe untold story of the pyramid builders /cZahi Hawass. a1st ed. aCairo :bThe American University in Cairo Press,cc2006. a213 p. :bcol. ill. ;c24 cm. aIncludes bibliographical references (p. [199]-205) and index.0 apt. 1: The dawn of the 4th Dynasty. The reign of Sneferu -- Sneferu at Meidum -- Dahshur : Sneferu and the cult of the sun -- The court of Sneferu -- The king is dead -- pt. 2: The reign of the sun god. The early reign of Khufu -- Revolution in year five -- Ruthless monarch or great scientist? -- Khufu's court -- The completion of the Great Pyramid and the death of Khufu -- pt. 3: The heirs of Khufu. Battles stir within the royal family : Djedefre at Abu Rawash -- The conspiracies of Khafre -- The pyramid complex of Khafre -- The court of Khafre -- The death of Khafre -- Menkaure ascends the throne -- pt. 4: The pyramid builders at Giza. The pyramid builders of Giza -- The lives of the pyramid builders -- pt. 5: The end of an era. Shepseskaf, the good son -- The rising of the sons of Re : the reign of Khentkawes and the dawn of the 5th Dynasty -- The abandonment of Giza. 0aPyramids of Giza (Egypt) 0aEgyptxHistoryyOld Kingdom, ca. 2686-ca. 2181 B.C. 2ddccBK c60598d60598 00102ddc4070aCAIbCAId2015-03-09l0o932.03 CC/Z Mp159696r2015-03-09 00:00:00w2015-03-09yBK